000 01771nam a2200397 i 4500
001 BK0031527209
005 20250422170624.0
008 250115s2025 nyua c 6 000 0 eng d
010 _abl2025035834
020 _a9781250884794 : HRD
_c13.99
020 _a1250884799 : HRD
_c13.99
_qhc.
037 _bHenry Holt & Co, C/O Mps 175 Fifth Ave, New York, NY, USA, 10010, (646)3075339
_nSAN 631-5011
040 _aNjBwBT
_beng
_cNjBwBT
_erda
050 1 4 _aPZ7.7.B79
_bBat 2025
082 0 4 _a741.5/973
_223/eng/20250115
092 _aGN
100 1 _aBruel, Nick,
_eauthor,
_eillustrator.
_95729365
245 1 0 _aBad Kitty :
_bparty animal /
_cNick Bruel.
246 3 0 _aParty animal
250 _aFirst edition.
264 1 _aNew York :
_bRoaring Brook Press,
_c2025
300 _a192 pages :
_bcolor illustrations ;
_c21 cm.
336 _atext
337 _aunmediated
338 _avolume
490 1 _aBad Kitty
520 _a"It's Puppy's birthday and Kitty would rather be anywhere else. While Puppy gets a BIG present and a very special birthday breakfast, all Kitty can do is pop the balloons, topple the cake, and cause mayhem...unless, she can learn how to let Puppy have thespotlight. Help Puppy (and Kitty) celebrate this special day in this graphic novel about sibling rivalry, and learning how to share, in the latest full-color addition to the bestselling Bad Kitty series"--
650 1 _aCats
_vFiction.
_95674208
650 1 _aDogs
_vFiction.
_95674795
650 1 _aBirthday parties
_vFiction.
_95705621
650 1 _aSibling rivalry
_vFiction.
_95701376
650 1 _aGraphic novels.
655 7 _aGraphic novels.
_2lcgft
800 1 _aBruel, Nick.
_tBad Kitty.
_95741648
942 _2ddc
_cBOOK
999 _c403652
_d403652